A feltételes mellékmondatok a mai magyar nyelvben
Elmentve itt :
| Szerző: | |
|---|---|
| További közreműködők: | |
| Dokumentumtípus: | Szakdolgozat |
| Megjelent: |
1962
|
| Tárgyszavak: | |
| Online Access: | http://diploma.bibl.u-szeged.hu/44115 |
| LEADER | 00550nta a2200157 i 4500 | ||
|---|---|---|---|
| 001 | dipl44115 | ||
| 005 | 20140916160755.0 | ||
| 008 | 140916s1962 hu om 0|| zxx d | ||
| 040 | |a SZTE Diploma Repozitórium |b hun | ||
| 041 | |a zxx | ||
| 100 | 1 | |a Kepecz Valéria | |
| 245 | 1 | 2 | |a A feltételes mellékmondatok a mai magyar nyelvben |h [elektronikus dokumentum] / |c Valéria Kepecz |
| 260 | |c 1962 | ||
| 650 | 4 | |a Bölcsészettudományok | |
| 700 | 1 | |a Rácz Endre |e ths | |
| 856 | 4 | 0 | |u http://diploma.bibl.u-szeged.hu/id/eprint/44115/1/1962_kepecz_valeria.pdf |z Dokumentum-elérés |